Complete english essay course = Luận anh văn

Shranjeno v:
Bibliografske podrobnosti
Glavni avtor: Trần, Văn Điền
Format: Knjiga
Jezik:Undetermined
Izdano: Thành phố Hồ Chí Minh Tổng hợp Thành phố Hồ Chí Minh 2010
Teme:
Oznake: Označite
Brez oznak, prvi označite!
Thư viện lưu trữ: Trung tâm Học liệu Trường Đại học Cần Thơ
LEADER 00814nam a2200217Ia 4500
001 CTU_158672
008 210402s9999 xx 000 0 und d
020 |c 35000 
082 |a 428.24 
082 |b Đ305 
100 |a Trần, Văn Điền 
245 0 |a Complete english essay course = 
245 0 |b Luận anh văn 
245 0 |c Trần Văn Điền ( biên soạn ) 
260 |a Thành phố Hồ Chí Minh 
260 |b Tổng hợp Thành phố Hồ Chí Minh 
260 |c 2010 
650 |a English language,Anh ngữ 
650 |x Compositions, exercises, etc,Textbooks for foreign speakers,Bố cục, kết cấu, bài tập...,Sách dùng cho người nước ngoài 
904 |i QHieu 
980 |a Trung tâm Học liệu Trường Đại học Cần Thơ